00458nam a22001577a 450000500170000001000140001702000260003103500140005703700130007108200080008410000150009224500660010726000300017327000640020330000330026720100728115559.0 aENG-97219 a9788191031805c800.00 aENG-80752 bDBAD/PUB a921 aPant, J.C. aPandit Sriram Sharma Acharya :cby J.C. Pantbas i knew him / aNew DelhibReacha c2010 aUditayan, Manava Bharati Panchsheel Park (South)bNew Delhi axv, 351p.:bill.c22cm. (Hb)